| 000 | 00707nam a2200181Ia 4500 | ||
|---|---|---|---|
| 008 | 100921s9999 xx 000 0 und d | ||
| 082 |
_b43049 _a040 न 08 |
||
| 100 | _aघारे दीपक. | ||
| 245 | _aविचारिक्षतिजे. | ||
| 260 |
_bपरममित्र प्रकाशन, नौपाडा. _c2008 |
||
| 300 |
_a160 _bपरममित्र प्रकाशन, नौपाडा |
||
| 365 | _b150 | ||
| 520 | _aसंकीर्ण-लेख,निबंध. | ||
| 630 | _aविचारिक्षतिजे. | ||
| 650 | _aसंकीर्ण-लेख,निबंध. | ||
| 730 | _aविचारिक्षतिजे. | ||
| 942 | _cBOOK | ||
| 999 |
_c792162 _d792159 |
||